000 00756nam a2200241Ia 4500
003 OSt
005 20220926034730.0
006 a|||||r|||| 00| 0
007 ta
008 220923b |||||||| |||| 00| 0 eng d
020 _a9780470977040
_c2624.32
037 _b794, 27/09/2017, TOTAL BOOKS INDIA
_cGeneral Book
040 _aRTL
_cRTL
_beng
041 _2eng
_aeng
082 _aU:(B28), Q7
100 _aDADSON Simon J.
_9341047
245 0 _aStatistical analysis of geographical data
_b An introduction
260 _aWest Sussex
_bJohn Wiley
_c2017
300 _axii,252p.
_ccm.
650 _aGeography
942 _hU:(B28), Q7
_cGB
_2CC
999 _c660240
_d660240